| 000 | 00588nam a2200253Ia 4500 | ||
|---|---|---|---|
| 008 | 171025s9999 xx 000 0 und d | ||
| 020 | _a9780307396150 | ||
| 050 | _a818.6 | ||
| 050 | _bM472 2007 | ||
| 100 | _aMayne, Kenny | ||
| 245 | 3 | _aAn incomplete & inaccurate history of sport / | |
| 245 | _cKenny Mayne. | ||
| 260 | _aUSA : | ||
| 260 | _bCrown, | ||
| 260 | _c2007 | ||
| 300 | _axx, 234 pages : | ||
| 300 | _billustrations ; | ||
| 300 | _c24cm. | ||
| 500 | _aIncludes index. | ||
| 650 | _aSports -- | ||
| 650 | _aSports. | ||
| 650 | _xHumor. | ||
| 700 | _aTitle. | ||
| 999 |
_c344606 _d344606 |
||